000 01034nam a2200277 a 4500
001 BRCA_7487
005 20190320205845.0
008 260413s1895----enkac#####---#000-0#eng-#
041 _aeng
044 _aenk
050 4 _aN7628
_b.A84 1895
100 1 _aAshbee, H. S.
_918436
245 1 0 _aAn iconography of Don Quixote
_b1605-1895
_cby H. S. Ashbee.
260 _aLondres
_bH. S. Ashbee
_c1895
300 _axi, 202 p.
_bil., 23 láminas, retratos
_c27 cm.
440 0 _aBibliographical Society. Illustrated monographs
_v3
_918437
500 _aTres ejemplares iguales inventariados por el Banco de México como un solo libro
500 _aIncluye índice de pinturas e índice de ediciones
500 _aEjemplar 3 con Ex-libris de H. S. Ashbee
500 _aEstado físico: ejemplar 2 con tapas desprendidas sujetadas por un lazo
500 _aR17
504 _aBibliografía p. 172-177
600 1 4 _aCervantes Saavedra, Miguel de
_d1547-1616
_tDon Quijote
_vRetratos y grabados
_918438
902 _aGFM
942 _2lcc
_cB
999 _c7162
_d7162